000 00502 a2200169 4500
005 20250607115235.0
020 _a978-0-07-351152-8
082 _a658. 403 HAA
100 _aHAAG, S.
245 _aInformation Systems Essentials
250 _a2nd Ed.
260 _aNew York,
_bMcGraw-Hill,
_c2008.
300 _axxxi, 490p.: ill.; figure, picture, table.
_bIndex.
_c28cm.
_eCD.
700 _aCUMMINGS, M.
856 _yAccess online book
_fInformation Systems Essentials
_dwww.mhhe.com
942 _2ddc
_cBKS
999 _c2184
_d2184